Indikátory hodnotenia diverzity krajiny
Kompozícia krajiny. Konfigurácia krajiny. Hustota areálov krajinnej pokrývky (Patch density - PD). Hustota hraníc (Edge density - ED). Shannonov index diverzity (SHDI). Index rozdrobenosti a vzájomného postavenia tried. Indexy fragmentácie.
Guardado en:
| Autor principal: | |
|---|---|
| Formato: | Capítulo de libro |
| Lenguaje: | eslovaco |
| Materias: | |
| Etiquetas: |
Sin Etiquetas, Sea el primero en etiquetar este registro!
|
MARC
| LEADER | 00000naa a2200000 4500 | ||
|---|---|---|---|
| 001 | 0148469 | ||
| 005 | 20231128133322.4 | ||
| 041 | 0 | |a slo | |
| 044 | |a SK | ||
| 245 | 1 | 0 | |a Indikátory hodnotenia diverzity krajiny |c Monika Kopecká |
| 520 | |a Kompozícia krajiny. Konfigurácia krajiny. Hustota areálov krajinnej pokrývky (Patch density - PD). Hustota hraníc (Edge density - ED). Shannonov index diverzity (SHDI). Index rozdrobenosti a vzájomného postavenia tried. Indexy fragmentácie. | ||
| 610 | 2 | 0 | |a prostredie krajinné |
| 610 | 2 | 0 | |a ekológia krajiny |
| 610 | 2 | 0 | |a ukazovatele |
| 610 | 2 | 0 | |a indexy |
| 100 | 1 | |a Kopecká, Monika | |